MDQL
is popping MORE tags! Check the
thread
!
Quizzes
Events
Quiz Creation
Community
Videos
Private Events
Remove Ads
Sign In
Join for FREE
Feedback
Dark Mode
Quiz Categories
Sports
Geography
Music
Movies
Television
Just For Fun
Miscellaneous
History
Literature
Language
Science
Gaming
Entertainment
Religion
Holiday
For Kids
Quiz Lab
Recent
Popular Today
Quiz Kudos Today
Editor Picks
Curator Picks
Quizzes by...
Day
Popularity
Type
Ratings
Length
Year
Community
Subscriptions
Recent Discussions
Orange Saloon
Badges
Playlists
Quests
Create
Leaderboards
Showdown
Live 5
Trivia Bingo
Activity
Puzzle Library
Sporcle Events
Private Events
Virtual Trivia
Globe League
Become a Host
Pub Owners
SporcleCon
Opinionation
Our Games
Videos
Blog
Mobile Apps
Partnerships
Remove Ads and Go Orange
Feedback
Gaming
Video Games
Board Games
Card Games
Pokémon
Mario
Nintendo
Minecraft
Console
Toys
Legend of Zelda
Gaming
Video Games
Board Games
Card Games
Pokémon
Mario
Nintendo
Minecraft
Console
Toys
Legend of Zelda
Random Quiz
Search Sporcle
×
Quiz Lab
Quiz Lab
Gaming
Pokémon
Type in answers that appear in a list
Type in answers that appear in a list
Classic
Best Score? Go Orange.
Pokemon Items (Gen I) Stats
Can you name the Pokemon Items (Gen I)?
By
SuperPlayer
10m
125 Questions
319 Plays
319 Plays
319 Plays
Comments
Comments
Give Quiz Kudos
Give Quiz Kudos
-
- Ratings
hide this ad
Random Order
Randomize order of answers
Randomize order of answers
Replay
Link that replays current quiz
Next Quiz
Link to next quiz in quiz playlist
You Got
0%
They Got
Avg Score
73%
Avg Friend Score
Upgrade to see
Score Distribution
Jump to the score distribution portion of the page
Score
0/125
Timer
10:00
0
Plays Today
Location
Item
% Correct
Most Poké Marts
Potion
96.6%
Most Poké Marts
Poké Ball
94.4%
Many Poké Marts
Great Ball
93.1%
Several Poké Marts
Ultra Ball
92.8%
Silph Co.
Master Ball
92.5%
Many Poké Marts
Super Potion
92.2%
Some Poké Marts
Hyper Potion
85%
Celadon Department Store
Fire Stone
85%
Route 2, Mt. Moon, Rocket Hideout, Pokémon Mansion
Moon Stone
84.6%
Few Poké Marts
Max Potion
84.6%
Most Poké Marts
Antidote
83.7%
Celadon Department Store
Water Stone
83.7%
Celadon Department Store
Thunderstone
81.2%
Most Poké Marts
Burn Heal
80.9%
Pokémon Mansion
TM14
79.6%
Mt. Moon, Celadon Department Store
TM01
79.3%
Rocket Hideout, Celadon Department Store
TM02
79.3%
Fuchisa City
TM06
79%
S.S. Anne
TM08
79%
Cerulean City
TM11
79%
Mt. Moon
TM12
79%
Route 12
TM16
79%
Most Poké Marts
Awakening
78.7%
Celadon Department Store
Leaf Stone
78.7%
Silph Co.
TM03
78.7%
Victory Road, Celadon Department Store
TM05
78.7%
Rocket Hideout, Celadon Department Store
TM07
78.7%
Rocket Hideout
TM10
78.7%
Rocket Game Corner
TM15
78.7%
Victory Road, Celadon Department Store
TM17
78.7%
Very few Poké Marts
Full Restore
78.4%
Saffron City, Celadon Department Store
TM09
78.4%
Vermillion City
TM24
78.4%
Cerulean City
TM28
78.4%
Route 4
TM04
78.1%
Celadon City
TM13
78.1%
Celadon Department Store
TM18
78.1%
Route 25
TM19
78.1%
Pokémon Mansion
TM22
78.1%
Cerulean City
Bicycle
77.7%
Celadon City
TM21
77.7%
Rocket Game Corner
TM23
77.7%
Location
Item
% Correct
Power Plant
TM25
77.7%
S.S. Anne
HM01
77.4%
Route 15
TM20
77.4%
Saffron City
TM29
77.4%
Route 24
TM45
77.4%
Rocket Game Corner
TM50
77.4%
Some Poké Marts
Full Heal
77.1%
Safari Zone
HM03
77.1%
Fuchsia City
HM04
77.1%
Route 2
HM05
77.1%
Viridian City
TM27
77.1%
Saffron City
TM31
77.1%
Fuchsia City, Celadon Department Store
TM32
77.1%
Pewter City
TM34
77.1%
Route 16
HM02
76.8%
Silph Co.
TM26
76.8%
Power Plant, Celadon Department Store
TM33
76.8%
Silph Co.
TM36
76.8%
Cinnabar Island
TM38
76.8%
Viridian City
TM42
76.8%
Route 9
TM30
76.5%
Pokémon Lab
TM35
76.5%
Safari Zone
TM40
76.5%
Victory Road
TM43
76.5%
Victory Road
TM47
76.5%
Celadon City
TM48
76.5%
Celadon City
TM49
76.5%
Rocket Hideout
Silph Scope
76.2%
Fuchsia City, Celadon Department Store
TM37
76.2%
Route 12
TM39
76.2%
Saffron City
TM46
76.2%
S.S. Anne
TM44
75.9%
Celadon City
TM41
75.5%
Celadon Department Store
Lemonade
75.2%
Most Poké Marts
Repel
74.9%
Lavender Town
Poké Flute
74.6%
Safari Zone
Safari Ball
73.4%
Most Poké Marts
Ice Heal
73.4%
Celadon Department Store
Poké Doll
72.1%
Some Poké Marts
Revive
71.2%
Most Poké Marts
Super Repel
71.2%
Later Poké Marts
Max Repel
70.5%
Location
Item
% Correct
Mt. Moon
Dome Fossil
69.9%
Mt. Moon
Helix Fossil
69.9%
Various Locations and Celadon Department Store
Carbos
69.3%
Various Locations and Celadon Department Store
Protein
69%
Various Locations and Celadon Department Store
Iron
69%
Vermillion City
Old Rod
69%
Various Locations
Ether
68.7%
Pallet Town
Town Map
68%
Celadon Department Store
Soda Pop
68%
Route 12
Super Rod
68%
Fuchsia City
Good Rod
67.7%
Celadon Department Store
Fresh Water
67.1%
Various Locations
Max Revive
66.5%
Celadon Department Store
X Attack
66.1%
Various Locations
Max Ether
65.8%
Various Locations and Celadon Department Store
Calcium
64.6%
Safari Zone
Gold Teeth
64.6%
Route 25
S.S. Ticket
63.9%
Pewter City
Old Amber
63.6%
Various Locations
Rare Candy
63.6%
Celadon Department Store
X Defend
63.6%
Various Locations
PP Up
63.3%
Celadon Department Store
X Speed
63.3%
Various Locations and Celadon Department Store
HP Up
63%
Various Locations
Elixir
62.4%
Many Poké Marts
Escape Rope
62.1%
Various Locations
Max Elixir
59.9%
Celadon Department Store
X Special
59.2%
Celadon City
Coin Case
59.2%
Viridian City
Oak's Parcel
58.6%
Various Locations and Route 24
Nugget
56.7%
Rocket Hideout
Lift Key
56.7%
Vermillion City
Bike Voucher
56.1%
Most Poké Marts
Parlyz Heal
53.9%
Route 11
Itemfinder
53.3%
Silph Co.
Card Key
53%
Celadon Department Store
X Accuracy
52.7%
Pokémon Mansion
Secret Key
52%
Celadon Department Store
Dire Hit
49.8%
Route 15
Exp. All
45.8%
Celadon Department Store
Guard Spec.
41.7%
Quiz Playlist
Details
Report
Send in Message
Add To Playlist
Classic:
Type in answers that appear in a list
Random Order:
Randomize order of answers
Last Updated: Feb 16, 2017
Quiz Scoreboard
CHALLENGE
Sign Up to Join the Scoreboard
Show All
Scores
Hide
Comments
May contain spoilers
Recently Published
Find the 'City' Movie
by crazypaving
Movies
60s
5x2 Blitz: Bands
by SL_Kpop136
Music
30s
Colored Red Africa Blitz
by spor1
Geography
30s
More to Explore
Quiz From the Vault
Featured Blog Post
14 Easter Pick-up Lines to Find Eggs With
hide this ad
You Might Also Like...
Tags
Pokémon Quiz
gen
item
location
Today's Top Quizzes in Gaming
Browse Gaming
hide this ad
Today's Top Quizzes in Pokémon
Browse Pokémon
Top Contributed Quizzes in Gaming
1
Dead By Daylight Logic Puzzle
2
League of Legends Pro Players by Career/Team History
3
Destiny 2 exotic weapons by perk icons
4
Genshin Impact Logic Puzzle
5
Overwatch 2: Ultimate Ability Icons
6
Genshin Impact Logic Puzzle Quiz II
7
Windmill: Elements
8
Overwatch Logic Puzzle
9
Genshin Impact Logic Puzzle Quiz
10
Genshin murder mystery
Explore More
Trending Topics
Disney
Anime
Marvel
Kpop
Harry Potter
NBA
Crossword
Country
Pokémon
NFL
The Office
Song
Soccer
Puzzle
WWE
hide this ad
More By:
SuperPlayer
Quiz
Plays
Rating
Category
Featured
Created
Phoenix Wright Name Puns
2,515
4.33
Gaming
Jan 27, 2011
Disney's 50 Animated Movies
2,420
4.67
Movies
Jan 3, 2011
Pokemon Adventures (manga) Teams
821
2.25
Entertainment
Aug 17, 2010
Pokemon Type Combinations
751
4.50
Gaming
Oct 26, 2010
Pokemon by Anime Debut
720
1.83
Entertainment
Sep 6, 2010
Go to Creator's Profile
Score Distribution
Quiz Creator Spotlight
SuperPlayer
Follow
Send a Message
Quizzes Created
-
Created Quiz Play Count
-
More By This Creator
Popular Quizzes Today
1
Colored Red Africa Blitz
2
Find the US States - No Outlines Minefield
3
Find the 'City' Movie
4
5x2 Blitz: Bands
5
The Countries of the World
6
Find the US States
7
US States
8
9x9 Crossword: Cartoon Network
More Gaming Quizzes
2001 Video Games by Cover
Quiz Lab
Trending Quizzes
Colored Red Europe Blitz I
Colored Red Europe Blitz II
Colored Red Africa Blitz II
Colored Red Africa Blitz III
Colored Red Europe Blitz III
Recently Updated
Godzilla Movies
pecheneg
Grab Bag: 4-10 Letters
pecheneg
2024 March Madness Bracket
pecheneg
Famous TV Couples
Peacemaker
Champions League XIs: Real Madrid
pecheneg
Largest US Cities 1790-2010
pecheneg
Rides in Walt Disney World
pecheneg
Most Oscar Losses (Acting)
pecheneg
Beyoncé Albums
pecheneg
Leaping Animals
pecheneg
Trending Topics
NBA
Harry Potter
Crossword
Disney
Marvel
Kpop
Anime
Puzzle
The Office
Song
NFL
Country
Soccer
Pokémon
WWE
Your Account Isn't Verified!
In order to create a playlist on Sporcle, you need to verify the email address you used during registration. Go to your
Sporcle Settings
to finish the process.
Report this User
Report this user for behavior that violates our
Community Guidelines
.
Details:
Send Report
Go to the Sporcle.com Mobile Site →
Comments